[Event "Tourn. n8244"]
[Site "www.chess-mail.com"]
[Date "2015.07.20"]
[Round "1"]
[White "Gorgo"]
[Black "Woodpusher2"]
[WhiteElo "2500"]
[BlackElo "2610"]
[Result "0-1"]
[Round "1"]
1.d4 Ng8f6
2.c4 c5
3.d5 e6
4.Nb1c3 exd5
5.cxd5 Bf8d6
6.g3 O-O
7.Bf1g2 Rf8e8
8.Ng1f3 Bd6f8
9.O-O d6
10.Nf3d2 b6
11.a4 Nb8a6
12.Rf1e1 Na6b4
13.Nd2c4 Bc8a6
14.Nc3b5 Nf6e4
15.f3 Ne4f6
16.Bc1g5 h6
17.Bg5xf6 Qd8xf6
18.e4 Qf6d8
19.Bg2h3 g6
20.f4 Ba6b7
21.f5 g5
22.Bh3g2 a6
23.Nb5c3 Bf8g7
24.Kh1 Bb7c8
25.Re1f1 Ra8a7
 { time }
0-1

[Event "Tourn. n8282"]
[Site "www.chess-mail.com"]
[Date "2015.07.20"]
[Round "1"]
[White "Zazi"]
[Black "Bojan"]
[WhiteElo "1630"]
[BlackElo "1890"]
[Result "0-1"]
[Round "1"]
1.e4 e5
2.Ng1f3 d6
3.Nb1a3 a6
4.d4 exd4
5.Nf3xd4 Bc8d7
6.Qd1f3 Nb8c6
7.Bc1e3 Nc6e5
8.Qf3g3 Ng8f6
9.f3 h6
10.O-O-O d5
11.Bf1d3 g6
12.Qg3xe5 Bf8e7
13.exd5 O-O
14.Be3xh6 Be7d6
15.Qe5e1 Rf8e8
16.Qe1h4 Nf6h5
17.Qh4f2 Bd6xa3
18.bxa3 Kh7
19.g4 Kxh6
20.gxh5 Kxh5
21.Rh1g1 Qd8f6
22.f4 Bd7g4
23.Nd4f3 Qf6xf4
24.Kb1 Qf4xf3
25.Qf2c5 Bg4f5
26.Rd1f1 b6
27.Qc5c6 Qf3e3
28.Qc6xc7 Bf5xd3
29.cxd3 Qe3xd3
30.Ka1 Qd3d4
31.Kb1 Re8f8
32.Rf1d1 Ra8c8
33.Qc7g3 Qd4e4
34.Rd1d3 Kh6
35.Qg3h3 Kg7
36.Rg1g4 Qe4f5
37.d6 Rf8d8
38.Qh3g3 Rc8c3
39.Rg4d4 a5
40.Kb2 Rc3xd3
41.Rd4xd3 Rd8c8
42.d7 Qf5b5
43.Rd3b3 Qb5xd7
44.Qg3e5 f6
45.Qe5e2 Rc8d8
46.Kc2 Rd8b8
47.Rb3e3 Kf7
48.Re3f3 a4
49.Qe2e5 Rb8c8
50.Qe5c3 Rc8xc3
51.Rf3xc3 Qd7d6
52.h4 Qd6f4
53.Kd3 Qf4xh4
54.Rc3c7 Ke6
55.Rc7c8 b5
56.Kc3 g5
57.Rc8c6 Kd5
58.Rc6xf6 Qh4d4
59.Kc2 Qd4xf6
60.Kb1 Qf6f2
61.Ka1 Kc4
62.Kb1 Kc3
63.Ka1 Qf2b2

0-1

[Event "Tourn. n8262"]
[Site "www.chess-mail.com"]
[Date "2015.07.20"]
[Round "1"]
[White "Szustan"]
[Black "Sharpman"]
[WhiteElo "2620"]
[BlackElo "2290"]
[Result "1-0"]
[Round "1"]
1.e4 e5
2.Ng1f3 Nb8c6
3.Nb1c3 Ng8f6
4.d4 exd4
5.Nc3d5 Nc6b4
6.Nf3xd4 Nf6xe4
7.Nd4b5 Nb4xd5
8.Qd1xd5 Ne4c5
9.Bc1e3 Nc5e6
10.O-O-O Bf8e7
11.h4 O-O
12.Qd5f3 c6
13.Nb5d6 Qd8c7
14.Qf3g3 Be7f6
15.f4 Qc7a5
16.Bf1c4 b5
17.Bc4b3 c5
18.Bb3d5 Bc8a6
{ time. }
1-0

[Event "Tourn. n8134"]
[Site "www.chess-mail.com"]
[Date "2015.07.20"]
[Round "1"]
[White "Anja"]
[Black "Oliverio"]
[WhiteElo "1690"]
[BlackElo "1520"]
[Result "0-1"]
[Round "1"]
1.d4 Ng8f6
2.Ng1f3 d5
3.Bc1f4 Bc8f5
4.e3 e6
5.Nb1d2 Bf8e7
6.Nf3e5 O-O
7.c4 c5
8.Nd2f3 Nb8d7
9.Bf1d3 Nf6e4
10.cxd5 exd5
11.O-O c4
12.Bd3c2 Ra8c8
13.Ne5xd7 Qd8xd7
14.Nf3e5 Qd7e6
15.Bc2xe4 Bf5xe4
16.f3 Be4f5
17.g4 Bf5g6
18.Ne5xg6 fxg6
19.Qd1d2 g5
20.Bf4e5 Be7d6
21.Be5xd6 Qe6xd6
22.Ra1c1 b5
23.Kg2 b4
24.e4 Rf8f4
25.h4 gxh4
26.e5 Qd6h6
27.Qd2xb4 h3
28.Kh1 Rf4xd4
29.Qb4c3 Rd4d3
30.Qc3xd3 cxd3
31.Rc1xc8 Kf7
32.f4 d2
33.Rc8c7 Ke8
34.Rc7xa7 Qh6c6
35.Ra7a8 Qc6xa8
36.Rf1d1 d4
37.Kh2 Qa8g2
{ resign }
0-1

[Event "Tourn. n8193"]
[Site "www.chess-mail.com"]
[Date "2015.07.20"]
[Round "1"]
[White "Jaroslavpech"]
[Black "Nimzo"]
[WhiteElo "2390"]
[BlackElo "2720"]
[Result "0-1"]
[Round "1"]
1.e4 e6
2.d4 d5
3.Nb1d2 Ng8f6
4.e5 Nf6d7
5.Bf1d3 c5
6.c3 Nb8c6
7.Ng1e2 cxd4
8.cxd4 f6
{ time. }
0-1

[Event "Tourn. n8183"]
[Site "www.chess-mail.com"]
[Date "2015.07.20"]
[Round "1"]
[White "Ulysse21"]
[Black "Samael"]
[WhiteElo "2069"]
[BlackElo "2110"]
[Result "1-0"]
[Round "1"]
1.d4 d5
2.c4 e6
3.Nb1c3 Ng8f6
4.cxd5 exd5
5.Bc1g5 Bf8e7
6.e3 h6
7.Bg5xf6 Be7xf6
8.Bf1d3 Nb8c6
9.Ra1c1 Nc6e7
10.Qd1f3 c6
11.Ng1e2 Bc8e6
12.O-O O-O
13.Ne2f4 Qd8d7
14.Nf4xe6 fxe6
15.Qf3e2 Ra8e8
16.Bd3b1 e5
17.dxe5 Bf6xe5
18.h4 g6
19.f4 Be5f6
20.h5 Kg7
21.hxg6 Ne7xg6
22.Qe2d3 Qd7e7
23.Qd3xg6 { resign }
1-0

[Event "Tourn. n8183"]
[Site "www.chess-mail.com"]
[Date "2015.07.20"]
[Round "1"]
[White "Ulysse21"]
[Black "Faerieking"]
[WhiteElo "2069"]
[BlackElo "2110"]
[Result "0-1"]
[Round "1"]
1.d4 Ng8f6
2.c4 e6
3.Nb1c3 Bf8b4
4.e3 Nf6e4
5.Qd1c2 f5
6.Ng1f3 b6
7.Bf1d3 Bc8b7
8.O-O Bb4xc3
9.bxc3 O-O
10.Ra1b1 d6
11.Qc2b3 c5
12.a4 Nb8c6
13.Nf3e1 Nc6a5
14.Qb3c2 Qd8e7
15.f3 Ne4f6
16.e4 fxe4
17.fxe4 Nf6g4
18.Ne1f3 e5
19.Bc1g5 Ng4f6
20.Nf3h4 g6
21.Nh4xg6 hxg6
22.Qc2f2 Bb7xe4
23.Bd3xe4 Nf6xe4
24.Bg5xe7 Rf8xf2
25.Rf1xf2 Ne4xf2
26.Kxf2 Na5xc4
27.Ke2 Ra8e8
28.Kd3 d5
29.Be7h4 exd4
30.cxd4 Re8e3
31.Kc2 Re3e2
32.Kc3 cxd4
33.Kxd4 Re2e4
{ resign }
0-1

[Event "Tourn. n8183"]
[Site "www.chess-mail.com"]
[Date "2015.07.20"]
[Round "1"]
[White "Difficult"]
[Black "Ulysse21"]
[WhiteElo "2060"]
[BlackElo "2069"]
[Result "0-1"]
[Round "1"]
1.d4 Ng8f6
2.c4 e6
3.Nb1c3 Bf8b4
4.Qd1c2 c5
5.Ng1f3 cxd4
6.Nf3xd4 Nb8c6
7.Nd4xc6 dxc6
8.Bc1d2 O-O
9.e3 e5
10.a3 Bb4e7
11.Bf1e2 Bc8e6
12.O-O Qd8c7
13.b4 a5
14.c5 axb4
15.axb4 Nf6d5
16.Nc3xd5 Be6xd5
17.Be2c4 Qc7d7
18.Bc4xd5 Qd7xd5
19.Bd2c3 Rf8d8
20.Ra1xa8 Rd8xa8
21.h3 g6
 { time }
0-1

[Event "Tourn. n8226"]
[Site "www.chess-mail.com"]
[Date "2015.07.20"]
[Round "1"]
[White "Karkaskat"]
[Black "Cathar"]
[WhiteElo "2380"]
[BlackElo "2270"]
[Result "1/2-1/2"]
[Round "1"]
1.e4 c5
2.Nb1c3 Nb8c6
3.g3 g6
4.Bf1g2 Bf8g7
5.d3 d6
6.f4 Ng8f6
7.Ng1f3 O-O
8.O-O Ra8b8
9.h3 b5
10.Bc1e3 b4
11.Nc3e2 Nf6d7
12.Ra1b1 Qd8b6
13.Qd1d2 Nc6d4
14.Ne2xd4 cxd4
15.Be3f2 a5
16.c3 dxc3
17.bxc3 bxc3
18.Rb1xb6 cxd2
19.Rb6xb8 Nd7xb8
20.Nf3xd2 Nb8a6
21.Nd2c4 a4
22.Rf1b1 Na6c5
23.Bg2f1 Bc8e6
24.Rb1b5 Be6xc4
25.dxc4 Rf8c8
26.Bf2xc5 Rc8xc5
27.Rb5xc5 Bg7d4
{ draw }
1/2-1/2

[Event "Tourn. n8173"]
[Site "www.chess-mail.com"]
[Date "2015.07.20"]
[Round "1"]
[White "Osopanda"]
[Black "Juantonio"]
[WhiteElo "1990"]
[BlackElo "1930"]
[Result "1-0"]
[Round "1"]
1.c4 e5
2.Nb1c3 Ng8f6
3.e4 c5
4.d3 Nb8c6
5.g3 d6
6.Bf1g2 Bc8g4
7.Ng1e2 Bf8e7
8.O-O O-O
9.Bc1e3 Nc6d4
10.h3 Bg4f3
11.Be3xd4 Bf3xg2
12.Kxg2 Qd8d7
13.Bd4e3 a6
14.f4 Ra8d8
15.g4 h6
16.g5 hxg5
17.fxe5 dxe5
18.Be3xg5 Nf6e8
19.Bg5xe7 Qd7xe7
20.Nc3d5 Qe7g5
21.Ne2g3 g6
22.Qd1g4 Qg5d2
23.Rf1f2 Qd2xd3
24.Ra1d1 { resign }
1-0

[Event "Tourn. n8198"]
[Site "www.chess-mail.com"]
[Date "2015.07.20"]
[Round "1"]
[White "Theos666"]
[Black "Iko"]
[WhiteElo "1300"]
[BlackElo "1500"]
[Result "0-1"]
[Round "1"]
1.d4 d5
2.g3 Nb8c6
3.e3 Bc8e6
4.c3 Qd8d6
5.Bf1g2 Ng8f6
6.Ng1e2 Be6g4
7.O-O e6
8.f3 Bg4f5
9.g4 Bf5xb1
10.Ra1xb1 Nc6a5
11.b4 Na5c4
12.h4 h5
13.g5 Nf6h7
14.e4 Qd6a6
15.Rb1a1 b5
16.e5 g6
17.f4 Nc4a3
18.Qd1b3 Na3c4
19.a4 c6
20.Bc1d2 Nc4xd2
21.Qb3d1 Nd2c4
22.axb5 Qa6xb5
23.Qd1b1 Nc4d2
24.Qb1c1 Qb5xe2
25.Rf1e1 Nd2f3
26.Bg2xf3 Qe2xf3
27.Re1f1 Qf3g3
{ resign }
0-1

[Event "Tourn. n8231"]
[Site "www.chess-mail.com"]
[Date "2015.07.20"]
[Round "1"]
[White "Alvarin111"]
[Black "Wegaman"]
[WhiteElo "1920"]
[BlackElo "1920"]
[Result "0-1"]
[Round "1"]
1.e4 e6
2.d4 d5
3.e5 c5
4.Ng1f3 Nb8c6
5.Bc1e3 Qd8b6
6.b3 f6
7.Nb1c3 fxe5
8.Nc3a4 Qb6a5
9.Be3d2 Qa5c7
10.dxc5 Bc8d7
11.Bf1b5 { time. }
0-1

[Event "Tourn. n8175"]
[Site "www.chess-mail.com"]
[Date "2015.07.20"]
[Round "1"]
[White "Azulmarino"]
[Black "Anja"]
[WhiteElo "1570"]
[BlackElo "1640"]
[Result "1-0"]
[Round "1"]
1.e4 Ng8f6
2.Nb1c3 d5
3.d4 dxe4
4.Bc1e3 Bc8f5
5.Bf1e2 e6
6.h3 Bf8b4
7.Be3d2 Qd8xd4
8.Nc3b5 Qd4xd2
9.Qd1xd2 Bb4xd2
10.Kxd2 Nb8a6
11.Ra1d1 O-O-O
12.Kc1 Kb8
13.Rd1xd8 Rh8xd8
14.Be2d1 Nf6d5
15.Ng1e2 Nd5b4
16.Ne2c3 c6
17.Nb5a3 Na6c7
18.Bd1e2 Nc7d5
19.Nc3xd5 cxd5
20.Kb1 Rd8c8
21.c3 e3
22.Ka1 Nb4c2
23.Na3xc2 Bf5xc2
24.fxe3 Kc7
25.Rh1c1 Bc2e4
26.g4 Kd6
27.a3 Be4g2
28.Be2f1 Bg2xf1
29.Rc1xf1 f6
30.Rf1d1 Rc8c4
31.Rd1d4 Rc4xd4
32.cxd4  { time }
1-0

[Event "Tourn. n8136"]
[Site "www.chess-mail.com"]
[Date "2015.07.20"]
[Round "1"]
[White "Obisporey"]
[Black "Aperturaf"]
[WhiteElo "2540"]
[BlackElo "2450"]
[Result "1-0"]
[Round "1"]
1.e4 e6
2.d4 d5
3.Nb1c3 Bf8b4
4.e5 c5
5.a3 Bb4xc3
6.bxc3 Ng8e7
7.Qd1g4 O-O
8.Bf1d3 Nb8c6
9.Qg4h5 Ne7g6
10.Ng1f3 Qd8c7
11.Bc1e3 c4
12.Bd3xg6 fxg6
13.Qh5g4 Bc8d7
14.h4 Rf8f5
15.a4 Qc7a5
16.Kd2 Bd7e8
17.Nf3g1 Nc6e7
18.Ng1e2 Be8d7
19.Be3g5 Qa5d8
20.f3 h6
21.Bg5xe7 Qd8xe7
22.Ne2g3 Rf5f7
23.Qg4xg6 Ra8f8
24.Ng3e2 Bd7c6
25.a5 Bc6e8
26.Qg6g3 Be8c6
27.f4 Qe7d7
28.Qg3e3 Bc6a4
29.g4 Qd7b5
30.g5 h5
31.g6 Rf7f5
32.Qe3f3 Qb5e8
33.Ne2g3 b5
34.axb6 axb6
35.Ng3xf5 Rf8xf5
36.Rh1g1 b5
37.Ra1f1 Kh8
38.Rg1g2 Kg8
39.Rg2g3 b4
40.cxb4 Qe8e7
41.c3 { resign }
1-0

[Event "Tourn. n8252"]
[Site "www.chess-mail.com"]
[Date "2015.07.20"]
[Round "1"]
[White "Woodpusher2"]
[Black "Thurgau"]
[WhiteElo "2610"]
[BlackElo "2720"]
[Result "0-1"]
[Round "1"]
1.e4 c5
2.Ng1f3 d6
3.d4 cxd4
4.Nf3xd4 Ng8f6
5.Nb1c3 a6
6.Bc1g5 e6
7.f4 Qd8b6
8.Qd1d2 Qb6xb2
9.Ra1b1 Qb2a3
10.e5 h6
11.Bg5h4 dxe5
12.fxe5 Nf6d7
13.Nc3e4 Qa3xa2
14.Rb1d1 Qa2d5
15.Qd2e3 Qd5xe5
16.Bf1e2 Bf8c5
17.Bh4g3 Bc5xd4
18.Rd1xd4 Qe5a5
19.Rd4d2 O-O
20.Bg3d6 Rf8d8
21.Qe3g3 Qa5f5
22.Bd6e5 Qf5g6
23.Qg3h4 Nb8c6
24.Be2h5 Qg6f5
25.Be5xg7 Nd7c5
26.Rd2xd8 Nc6xd8
27.Ne4d6 Nc5d3
28.cxd3 Qf5a5
29.Ke2 Kxg7
30.Nd6e4 Qa5e5
31.Qh4xd8 Qe5xh5
32.Ke1 e5
33.h3 Qh5g6
34.Rh1f1 Qg6c6
35.Rf1f3 Bc8g4
36.Qd8xa8 Bg4xf3
37.gxf3 Qc6b6
38.Ke2 a5
39.h4 Qb6b2
40.Ne4d2 b6
41.h5 Qb2b5
42.Nd2c4 a4
43.Qa8e4 Qb5c5
44.Kd1 Kf6
45.Qe4h7 Qc5g1
46.Kc2 Qg1f2
47.Kb1 Qf2e1
48.Ka2 Qe1f2
49.Nc4b2 Qf2d2
50.Qh7h8 Kf5
51.Qh8g7 Ke6
 { time }
0-1

[Event "Tourn. n8260"]
[Site "www.chess-mail.com"]
[Date "2015.07.20"]
[Round "1"]
[White "Redabond"]
[Black "Generalfree"]
[WhiteElo "1639"]
[BlackElo "1780"]
[Result "1-0"]
[Round "1"]
1.e4 c6
2.Ng1f3 d5
3.e5 Bc8g4
4.d4 e6
5.h3 Bg4xf3
6.Qd1xf3 f6
7.exf6 Ng8xf6
8.Bc1g5 Bf8e7
9.Nb1c3 Qd8b6
10.O-O-O Nb8d7
11.Bg5e3 Rh8f8
12.Qf3g3 g6
13.h4 a5
14.Bf1d3 Nf6h5
15.Bd3xg6 hxg6
16.Qg3xg6 { resign }
1-0

[Event "Tourn. n8260"]
[Site "www.chess-mail.com"]
[Date "2015.07.20"]
[Round "1"]
[White "Jjmcbride"]
[Black "Redabond"]
[WhiteElo "1890"]
[BlackElo "1639"]
[Result "0-1"]
[Round "1"]
1.e4 e5
2.Ng1f3 Nb8c6
3.c3 Ng8f6
4.d3 Bf8c5
5.b4 Bc5b6
6.a4 a6
7.Qd1d2 O-O
8.a5 Bb6a7
9.h3 d6
10.Nf3h2 Nf6h5
11.g3 Bc8e6
12.Qd2e2 Nh5f6
13.f4 exf4
14.gxf4 Rf8e8
15.Nh2g4 Nf6d5
16.h4 Nd5f6
17.Bc1e3 { time. }
0-1

[Event "Tourn. n8262"]
[Site "www.chess-mail.com"]
[Date "2015.07.20"]
[Round "1"]
[White "Szustan"]
[Black "T9l9"]
[WhiteElo "2620"]
[BlackElo "2410"]
[Result "1-0"]
[Round "1"]
1.e4 c5
2.c3 Ng8f6
3.e5 Nf6d5
4.d4 cxd4
5.cxd4 d6
6.Ng1f3 Nb8c6
7.Bf1c4 Nd5b6
8.Bc4b5 dxe5
9.Nf3xe5 Bc8d7
10.Ne5xd7 Qd8xd7
11.O-O a6
12.Bb5xc6 Qd7xc6
13.Nb1c3 e6
14.Bc1f4 Bf8e7
15.Rf1e1 Ra8d8
16.Qd1g4 Be7f6
17.Nc3e4 Nb6d5
18.Ra1c1 { resign }
1-0

[Event "Tourn. n8216"]
[Site "www.chess-mail.com"]
[Date "2015.07.20"]
[Round "1"]
[White "Yangqi"]
[Black "Groz"]
[WhiteElo "2230"]
[BlackElo "2000"]
[Result "1-0"]
[Round "1"]
1.e4 g6
2.d4 Bf8g7
3.Nb1c3 d6
4.f4 c6
5.Ng1f3 Bc8g4
6.Bc1e3 Nb8a6
7.h3 Bg4xf3
8.Qd1xf3 e6
9.O-O-O Ng8e7
10.g4 h5
11.f5 hxg4
12.hxg4 Rh8xh1
13.Qf3xh1 exf5
14.Qh1h7 Bg7f8
15.Bf1c4 d5
16.exd5 Ne7xd5
17.Nc3xd5 cxd5
18.Bc4b5 { resign }
1-0

[Event "Tourn. n8216"]
[Site "www.chess-mail.com"]
[Date "2015.07.20"]
[Round "1"]
[White "Yangqi"]
[Black "Dany2005"]
[WhiteElo "2230"]
[BlackElo "2010"]
[Result "1-0"]
[Round "1"]
1.c4 e6
2.g3 d5
3.Bf1g2 Ng8f6
4.Ng1f3 Bf8e7
5.O-O c6
6.b3 O-O
7.Bc1b2 Nb8d7
8.Qd1c2 Rf8e8
9.d4 Nf6e4
10.Nb1d2 Nd7f6
11.Nd2xe4 Nf6xe4
12.Nf3e5 f5
13.f3 Ne4f6
14.e4 fxe4
15.fxe4 { time. }
1-0

[Event "Tourn. n8216"]
[Site "www.chess-mail.com"]
[Date "2015.07.20"]
[Round "1"]
[White "Sontuozio"]
[Black "Yangqi"]
[WhiteElo "2090"]
[BlackElo "2230"]
[Result "0-1"]
[Round "1"]
1.d4 Ng8f6
2.Ng1f3 g6
3.e3 Bf8g7
4.Bf1d3 O-O
5.Nb1d2 d6
6.c3 Nb8d7
7.O-O e5
8.Nd2e4 Nf6xe4
9.Bd3xe4 Nd7f6
10.Be4c2 e4
11.Nf3d2 Qd8e7
12.Qd1e2 c5
13.f3 exf3
14.Nd2xf3 Nf6e4
15.Bc2xe4 Qe7xe4
16.Nf3g5 Qe4e7
17.Ng5f3 Bc8f5
18.h3 Rf8e8
19.g4 Bf5e4
20.Bc1d2 b5
21.Qe2f2 a5
22.Qf2h4 f6
23.Rf1f2 a4
24.Ra1f1 Qe7e6
25.a3 Ra8a7
26.g5 f5
27.Qh4f4 Ra7e7
28.h4 Be4d3
29.Rf1e1 Qe6d5
30.dxc5 dxc5
31.Bd2c1 Re7e4
32.Qf4c7 Re4g4
33.Kh2 Rg4xh4
34.Kg3 Qd5e4
35.Nf3xh4 Qe4g4
36.Kh2 Bg7e5
37.Rf2f4 Be5xc7
{ resign }
0-1

[Event "Tourn. n8216"]
[Site "www.chess-mail.com"]
[Date "2015.07.20"]
[Round "1"]
[White "Ulysse21"]
[Black "Yangqi"]
[WhiteElo "2179"]
[BlackElo "2230"]
[Result "0-1"]
[Round "1"]
1.d4 Ng8f6
2.c4 e5
3.dxe5 Nf6g4
4.Bc1f4 g5
5.Bf4g3 Bf8g7
6.Ng1f3 Nb8c6
7.Nb1c3 Ng4xe5
8.Nf3xe5 Nc6xe5
9.c5 h5
10.h4 g4
11.e3 b6
12.Bf1e2 Bc8b7
13.O-O bxc5
14.Qd1c2 O-O
15.Qc2f5 Qd8f6
16.Qf5xh5 Qf6c6
17.e4 Qc6g6
18.Qh5xg6 fxg6
19.Bg3xe5 Bg7xe5
20.Be2xg4 Ra8b8
21.Nc3d5 Bb7a6
22.Rf1d1 Rb8xb2
23.f3 Be5d4
24.Kh1 c6
25.Nd5c7 Ba6c8
{ resign }
0-1

[Event "Tourn. n8176"]
[Site "www.chess-mail.com"]
[Date "2015.07.20"]
[Round "1"]
[White "Duff"]
[Black "Jjmcbride"]
[WhiteElo "1850"]
[BlackElo "1810"]
[Result "0-1"]
[Round "1"]
1.e4 e5
2.Ng1f3 Nb8c6
3.Bf1c4 Bf8c5
4.O-O a6
5.d3 h6
6.Nb1c3 d6
7.h3 b5
8.Bc4d5 Ng8e7
9.Bc1e3 Ra8b8
10.Be3xc5 dxc5
11.Rf1e1 O-O
12.Bd5xc6 Ne7xc6
13.Nc3d5 f6
14.c3 c4
15.dxc4 bxc4
16.Ra1b1 f5
17.Qd1e2 fxe4
18.Qe2xe4 Bc8f5
19.Qe4xc4 Bf5xb1
20.Qc4xc6 Bb1xa2
21.Re1d1 Ba2xd5
22.Rd1xd5 Qd8f6
23.Qc6c4 Qf6f7
 { time }
0-1

[Event "Tourn. n8152"]
[Site "www.chess-mail.com"]
[Date "2015.07.20"]
[Round "1"]
[White "Maredocla"]
[Black "Wrightdjohn"]
[WhiteElo "2070"]
[BlackElo "2160"]
[Result "0-1"]
[Round "1"]
1.f4 c5
2.Ng1f3 Nb8c6
3.b3 Ng8f6
4.Bc1b2 g6
5.e4 Bf8g7
6.e5 Nf6d5
7.c4 Nd5xf4
8.g3 Nf4e6
9.Qd1e2 Ne6d4
10.Nf3xd4 Nc6xd4
11.Bb2xd4 cxd4
12.d3 Qd8a5
13.Nb1d2 Qa5xe5
14.Qe2xe5 Bg7xe5
15.Bf1g2 Ra8b8
16.O-O O-O
17.Ra1e1 d6
18.Nd2f3 Be5f6
19.a4 e5
20.Nf3xd4 Bf6d8
21.Nd4b5 Bd8b6
22.Kh1 Bb6c5
23.Rf1f6 Bc8e6
24.Re1f1 Kg7
25.Nb5c7 Be6f5
26.Rf6xf5 gxf5
27.Rf1xf5 Rb8c8
28.Nc7d5 a5
29.Rf5g5 Kh6
30.Rg5g4 f5
31.Rg4h4 Kg7
32.Bg2h3 Rf8f7
33.Kg2 Rc8f8
34.Kf3 e4
35.dxe4 fxe4
36.Kxe4 Rf8e8
37.Kd3 Rf7f3
38.Kd2 Rf3xb3
39.Bh3f5 { time. }
0-1

[Event "Tourn. n8152"]
[Site "www.chess-mail.com"]
[Date "2015.07.20"]
[Round "1"]
[White "Difficult"]
[Black "Maredocla"]
[WhiteElo "2060"]
[BlackElo "2070"]
[Result "1/2-1/2"]
[Round "1"]
1.d4 g6
2.g3 Bf8g7
3.Bf1g2 e6
4.Ng1f3 Ng8e7
5.O-O O-O
6.c4 c6
7.Nb1c3 d5
8.cxd5 cxd5
9.Bc1f4 Nb8c6
10.Bf4g5 h6
11.Bg5xe7 Qd8xe7
12.a3 b6
13.e3 Bc8a6
14.Rf1e1 Nc6a5
15.b4 Na5c4
16.Qd1b3 Rf8c8
17.b5 Ba6b7
18.a4 Nc4a5
19.Qb3b2 Rc8c7
20.Ra1c1 Ra8c8
21.Nf3d2 Bg7f8
22.Nc3e2 Na5c4
23.Nd2xc4 Rc7xc4
24.Rc1xc4 { draw }
1/2-1/2

[Event "Tourn. n8179"]
[Site "www.chess-mail.com"]
[Date "2015.07.20"]
[Round "1"]
[White "Cyrilgeorge"]
[Black "Generalfree"]
[WhiteElo "1799"]
[BlackElo "1870"]
[Result "0-1"]
[Round "1"]
1.d4 d5
2.Ng1f3 b6
3.e3 a6
4.Bf1d3 g6
5.O-O f6
6.Nb1d2 e6
7.c4 dxc4
8.Bd3xc4 b5
9.Bc4d3 Bf8d6
10.a3 Bc8b7
11.b4 f5
12.Nf3e5 Qd8g5
13.Nd2f3 Qg5f6
14.Qd1e2 Ng8e7
15.Bc1d2 Bb7xf3
16.Qe2xf3 c6
17.Ra1c1 Bd6xe5
18.dxe5 Qf6xe5
19.Bd2c3 Qe5d6
20.Bc3xh8 Qd6xd3
21.Bh8b2 Qd3b3
22.Qf3d1 Qb3xb2
23.Qd1d3 Ne7d5
24.Rc1c2 Qb2f6
25.e4 Nd5f4
26.Qd3f3 fxe4
27.Qf3xe4 Ra8a7
28.Rf1e1 Ra7f7
29.g3 Nf4h3
30.Kf1 Nh3xf2
{ resign }
0-1

[Event "Tourn. n8145"]
[Site "www.chess-mail.com"]
[Date "2015.07.20"]
[Round "1"]
[White "Falcoale"]
[Black "Cathar"]
[WhiteElo "2000"]
[BlackElo "2250"]
[Result "0-1"]
[Round "1"]
1.e4 d6
2.d4 Ng8f6
3.Bf1d3 e5
4.dxe5 dxe5
5.Nb1c3 Bf8c5
6.Bc1g5 Nb8d7
7.Ng1f3 c6
8.Nf3h4 h6
9.Bg5d2 Nd7f8
10.O-O Nf8e6
11.Nh4f5 g6
12.Nf5xh6 Ne6f4
13.Bd2xf4 exf4
14.Qd1f3 Rh8xh6
15.Qf3xf4 Rh6h7
16.e5 Nf6h5
17.Qf4d2 Qd8h4
18.Nc3e4 Bc5e7
19.Ne4d6 Be7xd6
20.exd6 Nh5f4
21.Ra1e1 Bc8e6
22.h3 O-O-O
23.Re1e3 Nf4xg2
24.Bd3e4 Ng2xe3
25.Qd2xe3 Qh4xh3
26.Qe3xh3 Rh7xh3
27.b3 Rd8xd6
28.c4 Rd6d4
29.Be4g2 Rh3d3
{ resign }
0-1

[Event "Tourn. n8252"]
[Site "www.chess-mail.com"]
[Date "2015.07.20"]
[Round "1"]
[White "Nimzo"]
[Black "Thurgau"]
[WhiteElo "2720"]
[BlackElo "2720"]
[Result "1-0"]
[Round "1"]
1.d4 Ng8f6
2.c4 e6
3.g3 d5
4.Ng1f3 dxc4
5.Bf1g2 a6
6.O-O Nb8c6
7.e3 Bc8d7
8.Qd1e2 b5
9.b3 cxb3
10.axb3 Bf8e7
11.Bc1d2 O-O
12.Rf1c1 b4
13.Ra1xa6 Nc6a5
14.Ra6xa8 Qd8xa8
15.Nf3e5 Qa8a7
16.Bd2e1 c5
17.Qe2a2 cxd4
18.Ne5xd7 Nf6xd7
19.exd4 Nd7f6
20.Nb1d2 Qa7b6
21.Nd2f1 Qb6b5
22.Rc1c7  { time }
1-0

[Event "Tourn. n8252"]
[Site "www.chess-mail.com"]
[Date "2015.07.20"]
[Round "1"]
[White "Thurgau"]
[Black "Greghghs"]
[WhiteElo "2720"]
[BlackElo "2380"]
[Result "0-1"]
[Round "1"]
1.e4 c5
2.Ng1f3 d6
3.d4 cxd4
4.Nf3xd4 Ng8f6
5.Nb1c3 Nb8c6
6.Bc1g5 Bc8d7
7.Qd1d2 Ra8c8
8.O-O-O Nc6xd4
9.Qd2xd4 Qd8a5
10.f4 Rc8xc3
11.bxc3 e5
12.Qd4b4 Qa5xb4
13.cxb4 Nf6xe4
14.Bg5h4 Bf8e7
15.Bh4xe7 Kxe7
16.Rd1e1 f5
17.fxe5 dxe5
18.Bf1d3 Bd7c6
19.b5 Bc6d5
20.c4 Rh8c8
21.Kb2 Bd5xc4
22.Bd3xe4 fxe4
23.Re1xe4 Rc8c5
 { time }
0-1

[Event "Tourn. n8254"]
[Site "www.chess-mail.com"]
[Date "2015.07.20"]
[Round "1"]
[White "Ranjachess"]
[Black "Boyc"]
[WhiteElo "1650"]
[BlackElo "1669"]
[Result "1-0"]
[Round "1"]
1.d4 Ng8f6
2.Nb1c3 g6
3.e4 d6
4.Bf1e2 Bf8g7
5.Ng1f3 O-O
6.O-O c6
7.d5 Nb8d7
8.Be2c4 b5
9.dxc6 bxc4
10.cxd7 Nf6xd7
11.a4 Nd7c5
12.Qd1d5 Bc8b7
13.Qd5xc4 Ra8c8
14.Qc4b4 a5
15.Qb4c4 Nc5xe4
16.Qc4d3 Ne4xc3
17.bxc3 Rc8xc3
18.Qd3b5 Bb7xf3
19.gxf3 Rc3c5
20.Qb5b1  { time }
1-0

[Event "Tourn. n8252"]
[Site "www.chess-mail.com"]
[Date "2015.07.20"]
[Round "1"]
[White "Thurgau"]
[Black "Brigs"]
[WhiteElo "2720"]
[BlackElo "2490"]
[Result "0-1"]
[Round "1"]
1.e4 e5
2.Ng1f3 Nb8c6
3.Bf1b5 a6
4.Bb5a4 b5
5.Ba4b3 Ng8f6
6.O-O Bc8b7
7.d3 Bf8c5
8.a4 O-O
9.Nb1c3 b4
10.Nc3d5 Nc6a5
11.Bc1g5 Bc5e7
12.Nd5xe7 Qd8xe7
13.Bb3a2 h6
14.Bg5d2 Nf6h7
15.c3 c5
16.cxb4 cxb4
17.Rf1e1 Na5c6
18.Bd2e3 Ra8c8
19.Ra1c1 Rf8d8
20.Qd1d2 Nh7f8
21.Be3b6 Rd8e8
22.Bb6c5 d6
23.Bc5xb4 Nc6xb4
24.Qd2xb4 Nf8g6
25.g3 Qe7d7
26.Nf3d2 d5
27.Qb4b6 Ng6e7
28.Nd2f3 Ne7g6
29.Qb6b3 Rc8xc1
30.Re1xc1 dxe4
31.dxe4 Bb7xe4
 { time }
0-1

[Event "Tourn. n8313"]
[Site "www.chess-mail.com"]
[Date "2015.07.20"]
[Round "1"]
[White "Xkafi"]
[Black "Guidom"]
[WhiteElo "1960"]
[BlackElo "2070"]
[Result "0-1"]
[Round "1"]
1.Ng1f3 d5
2.b3 c5
3.e3 Nb8c6
4.c3 Ng8f6
5.h3 e6
6.c4 d4
7.Bc1b2 dxe3
8.fxe3 Bf8d6
9.Bf1d3 Bd6g3
10.Kf1 Qd8xd3
11.Qd1e2 Qd3xe2
12.Kxe2 Bc8d7
13.Bb2xf6 gxf6
14.Nb1c3 f5
15.Nf3g5 h6
16.Ng5f3 O-O-O
17.Nc3b5 a6
18.Nb5c3 h5
19.Nf3g5 Rd8f8
20.Nc3a4 Bg3d6
21.a3 f6
22.Ng5f3 Nc6e5
23.Nf3e1 Bd7xa4
24.bxa4 Ne5xc4
25.Ne1d3 Rh8g8
26.g4 fxg4
27.hxg4 hxg4
28.Rh1c1 b5
29.axb5 axb5
30.a4 Kb7
31.axb5 Nc4b6
32.Nd3f4 Bd6xf4
33.exf4 c4
34.Rc1h1 Rg8g7
35.Rh1h6 Nb6d5
36.Ra1f1 g3
37.Kf3 Kb6
38.Rf1b1 g2
39.Kf2 Nd5xf4
40.Rh6h4 e5
41.Rh4h6 Rg7d7
42.Ke3 Rd7d3
{ resign }
0-1

[Event "Tourn. n8146"]
[Site "www.chess-mail.com"]
[Date "2015.07.20"]
[Round "1"]
[White "Vite"]
[Black "Falcoale"]
[WhiteElo "1980"]
[BlackElo "1990"]
[Result "1/2-1/2"]
[Round "1"]
1.e4 c5
2.c3 Nb8c6
3.d4 cxd4
4.cxd4 e6
5.Ng1f3 Ng8f6
6.e5 Nf6d5
7.Nb1c3 Nd5b6
8.Bf1e2 Bf8b4
9.O-O O-O
10.Nc3e4 d5
11.Ne4c3 Bc8d7
12.a3 Bb4e7
13.b4 a6
14.Qd1d3 Nb6c4
15.Be2d1 f6
16.Bd1c2 f5
17.Nf3d2 b5
18.Nd2b3 Bd7e8
19.Nb3c5 Be7xc5
20.bxc5 Be8g6
21.Qd3d1 Qd8e8
22.Bc1g5 Bg6h5
23.Qd1d3 Nc6e7
24.h3 Bh5g6
25.Bg5f4 Ne7c6
26.Rf1b1 Rf8f7
27.Nc3a2 { draw }
1/2-1/2

[Event "Tourn. n8247"]
[Site "www.chess-mail.com"]
[Date "2015.07.20"]
[Round "1"]
[White "Azulmarino"]
[Black "Tomcapp"]
[WhiteElo "1570"]
[BlackElo "1540"]
[Result "0-1"]
[Round "1"]
1.e4 e5
2.Ng1f3 Nb8c6
3.Bf1b5 a6
4.Bb5c4 Ng8f6
5.Nb1c3 b5
6.Bc4b3 Nc6d4
7.h3 Nd4xb3
8.axb3 Bf8c5
9.d3 b4
10.Nc3a4 d6
11.Bc1g5 h6
12.Bg5h4 Bc8b7
13.O-O a5
14.c3 bxc3
15.Na4xc3 Bb7c6
16.Nc3d5 Bc6xd5
17.exd5 Qd8d7
18.Qd1d2 Ra8a6
19.Bh4xf6 gxf6
20.Ra1a4 Bc5b4
21.Ra4xb4 axb4
22.Qd2xb4 Ra6b6
23.Qb4a3 Qd7b5
24.Rf1c1 Qb5xd3
25.Qa3a8 Kd7
26.Qa8xh8 Qd3xd5
27.Nf3h2 f5
{ resign }
0-1

[Event "Tourn. n8157"]
[Site "www.chess-mail.com"]
[Date "2015.07.20"]
[Round "1"]
[White "Comrade"]
[Black "Wrightdjohn"]
[WhiteElo "2130"]
[BlackElo "2160"]
[Result "0-1"]
[Round "1"]
1.c4 Ng8f6
2.Nb1c3 g6
3.d4 Bf8g7
4.e4 d6
5.Bf1e2 O-O
6.f4 c5
7.dxc5 dxc5
8.Bc1e3 Qd8a5
9.Be3d2 Qa5b6
10.Qd1c2 Nb8c6
11.Ng1f3 Rf8d8
12.Nc3a4 Nc6b4
13.Qc2b1 Qb6c6
14.Na4c3 Nf6xe4
15.Nc3xe4 Bc8f5
16.Bd2xb4 Bf5xe4
17.Qb1c1 cxb4
18.O-O Ra8c8
19.Rf1f2 Be4xf3
20.Be2xf3 Qc6a6
21.Rf2c2 Rc8c5
22.Ra1b1 Qa6b6
23.Kf1 b3
24.axb3 Qb6xb3
{ resign }
0-1